[Event "High League 2022 women"]
[Site "Obninsk"]
[Date "2022.06.26"]
[Round "1.8"]
[White "Shukhman, Anna"]
[Black "Kovanova, Baira"]
[Result "0-1"]
[LiveChessVersion "1.4.7"]
[BlackElo "2317"]
[WhiteElo "2121"]

1. e4 {[%clk 1:30:57]} c6 {[%clk 1:30:51]} 2. d4 {[%clk 1:30:55]} d5
{[%clk 1:31:12]} 3. e5 {[%clk 1:31:20]} Bf5 {[%clk 1:31:37]} 4. g4
{[%clk 1:31:28]} Be4 {[%clk 1:32:02]} 5. f3 {[%clk 1:31:54]} Bg6 {[%clk 1:32:29]}
6. e6 {[%clk 1:32:11]} Qd6 {[%clk 1:32:55]} 7. exf7+ {[%clk 1:32:34]} Bxf7
{[%clk 1:33:21]} 8. f4 {[%clk 1:30:10]} Nf6 {[%clk 1:33:39]} 9. Be2
{[%clk 1:27:25]} g6 {[%clk 1:30:31]} 10. Nc3 {[%clk 1:19:40]} Nbd7
{[%clk 1:22:53]} 11. g5 {[%clk 1:12:49]} Ne4 {[%clk 1:22:44]} 12. Nf3
{[%clk 1:12:11]} Bg7 {[%clk 1:17:27]} 13. Be3 {[%clk 1:02:33]} Be6
{[%clk 1:09:27]} 14. Nxe4 {[%clk 0:59:21]} dxe4 {[%clk 1:06:42]} 15. Nd2
{[%clk 0:59:02]} Bf5 {[%clk 1:06:23]} 16. Nc4 {[%clk 0:57:11]} Qd5
{[%clk 1:01:09]} 17. Qd2 {[%clk 0:54:46]} b5 {[%clk 0:51:24]} 18. Ne5
{[%clk 0:54:40]} Nb6 {[%clk 0:49:49]} 19. c4 {[%clk 0:39:33]} bxc4
{[%clk 0:48:49]} 20. Qc3 {[%clk 0:39:37]} Qe6 {[%clk 0:44:47]} 21. Bxc4
{[%clk 0:39:10]} Nxc4 {[%clk 0:45:10]} 22. Qxc4 {[%clk 0:39:37]} Bxe5
{[%clk 0:38:35]} 23. Qxe6 {[%clk 0:40:02]} Bxe6 {[%clk 0:39:02]} 24. dxe5
{[%clk 0:39:58]} a5 {[%clk 0:36:45]} 25. Kf2 {[%clk 0:38:32]} Bd5
{[%clk 0:36:30]} 26. a3 {[%clk 0:36:28]} a4 {[%clk 0:35:03]} 27. Rac1
{[%clk 0:29:31]} Rb8 {[%clk 0:34:51]} 28. Rc2 {[%clk 0:29:32]} Rb3
{[%clk 0:33:46]} 29. Rd1 {[%clk 0:27:36]} Kf7 {[%clk 0:30:47]} 30. Bd4
{[%clk 0:15:27]} Rf3+ {[%clk 0:20:01]} 31. Kg1 {[%clk 0:11:27]} Rd8
{[%clk 0:17:15]} 32. Bc5 {[%clk 0:06:35]} Rxf4 {[%clk 0:15:14]} 33. Rf2
{[%clk 0:06:19]} Rxf2 {[%clk 0:14:21]} 34. Kxf2 {[%clk 0:06:45]} Rb8
{[%clk 0:13:38]} 35. Bd4 {[%clk 0:06:22]} Ke6 {[%clk 0:13:49]} 36. Ke2
{[%clk 0:04:58]} Rf8 {[%clk 0:13:31]} 37. Rg1 {[%clk 0:05:16]} Bc4+
{[%clk 0:11:17]} 38. Kd2 {[%clk 0:05:05]} Kd5 {[%clk 0:11:12]} 39. Be3
{[%clk 0:04:53]} Kxe5 {[%clk 0:08:02]} 40. Rc1 {[%clk 0:33:16]} Kd5
{[%clk 0:37:42]} 41. h4 {[%clk 0:27:58]} Rb8 {[%clk 0:35:36]} 42. Rd1
{[%clk 0:25:24]} Bd3 {[%clk 0:30:19]} 43. Kc1 {[%clk 0:23:12]} Rf8
{[%clk 0:30:15]} 44. Kd2 {[%clk 0:19:03]} c5 {[%clk 0:24:20]} 45. Re1
{[%clk 0:06:47]} c4 {[%clk 0:22:02]} 46. Kc1 {[%clk 0:07:08]} c3 {[%clk 0:21:25]}
47. bxc3 {[%clk 0:07:35]} Rb8 {[%clk 0:20:45]} 48. Bf4 {[%clk 0:06:36]} e5
{[%clk 0:19:58]} 49. Bg3 {[%clk 0:06:51]} Rb3 {[%clk 0:19:59]} 50. Rd1
{[%clk 0:04:09]} Rxc3+ {[%clk 0:18:22]} 51. Kb2 {[%clk 0:04:32]} Rb3+
{[%clk 0:18:27]} 52. Ka2 {[%clk 0:04:58]} e3 {[%clk 0:18:39]} 53. h5
{[%clk 0:04:30]} e2 {[%clk 0:18:47]} 54. Rd2 {[%clk 0:03:49]} gxh5
{[%clk 0:18:58]} 55. Bh4 {[%clk 0:03:52]} e4 {[%clk 0:16:54]} 56. Rb2
{[%clk 0:03:28]} Rc3 {[%clk 0:17:13]} 57. Rb7 {[%clk 0:02:49]} Rc2+
{[%clk 0:17:31]} 58. Rb2 {[%clk 0:02:53]} Rc1 {[%clk 0:17:57]} 59. g6
{[%clk 0:03:18]} Bc4+ {[%clk 0:18:16]} 0-1

[Event "High League 2022 women"]
[Site "Obninsk"]
[Date "2022.06.26"]
[Round "1.9"]
[White "Voit, Daria"]
[Black "Shvedova, Alexandra"]
[Result "1/2-1/2"]
[LiveChessVersion "1.4.7"]
[BlackElo "2106"]
[WhiteElo "2317"]

1. c4 {[%clk 1:30:55]} Nf6 {[%clk 1:30:41]} 2. Nf3 {[%clk 1:30:10]} e6
{[%clk 1:30:44]} 3. g3 {[%clk 1:30:35]} d5 {[%clk 1:31:06]} 4. Bg2
{[%clk 1:31:02]} dxc4 {[%clk 1:31:15]} 5. Qa4+ {[%clk 1:31:27]} Nbd7
{[%clk 1:31:37]} 6. Qxc4 {[%clk 1:31:51]} a6 {[%clk 1:31:39]} 7. Qc2
{[%clk 1:31:48]} c5 {[%clk 1:31:39]} 8. Nc3 {[%clk 1:27:35]} Qc7 {[%clk 1:31:31]}
9. O-O {[%clk 1:27:52]} b5 {[%clk 1:28:59]} 10. a4 {[%clk 1:26:59]} b4
{[%clk 1:23:50]} 11. Nd1 {[%clk 1:26:57]} Bb7 {[%clk 1:21:36]} 12. Ne3
{[%clk 1:27:00]} Be7 {[%clk 1:17:21]} 13. b3 {[%clk 1:23:16]} O-O
{[%clk 1:10:18]} 14. Bb2 {[%clk 1:22:43]} Nd5 {[%clk 1:09:20]} 15. Ng4
{[%clk 1:11:06]} Rac8 {[%clk 0:57:15]} 16. Rac1 {[%clk 1:09:42]} h5
{[%clk 0:52:32]} 17. Nge5 {[%clk 1:08:22]} Bf6 {[%clk 0:52:12]} 18. Nxd7
{[%clk 1:00:59]} Qxd7 {[%clk 0:52:34]} 19. Ne5 {[%clk 0:40:47]} Qe7
{[%clk 0:34:05]} 20. Nc4 {[%clk 0:27:06]} Bxb2 {[%clk 0:26:37]} 21. Qxb2
{[%clk 0:26:00]} Rfd8 {[%clk 0:26:19]} 22. Qe5 {[%clk 0:25:17]} Nf6
{[%clk 0:20:04]} 23. Bxb7 {[%clk 0:18:43]} Qxb7 {[%clk 0:20:28]} 24. Rc2
{[%clk 0:18:45]} h4 {[%clk 0:15:58]} 25. Ne3 {[%clk 0:15:36]} Qe4
{[%clk 0:06:05]} 26. Qxe4 {[%clk 0:10:56]} Nxe4 {[%clk 0:06:30]} 27. Rd1
{[%clk 0:10:56]} hxg3 {[%clk 0:05:53]} 28. hxg3 {[%clk 0:11:24]} f6
{[%clk 0:05:08]} 29. Kg2 {[%clk 0:11:16]} e5 {[%clk 0:04:53]} 30. f4
{[%clk 0:02:52]} exf4 {[%clk 0:03:19]} 31. gxf4 {[%clk 0:03:20]} Rd7
{[%clk 0:02:48]} 32. Kf3 {[%clk 0:01:18]} Re8 {[%clk 0:02:08]} 33. Nf1
{[%clk 0:01:37]} g5 {[%clk 0:01:50]} 34. Rdc1 {[%clk 0:00:56]} Kg7
{[%clk 0:01:14]} 35. d3 {[%clk 0:00:41]} Nc3 {[%clk 0:01:27]} 36. Ng3
{[%clk 0:00:53]} gxf4 {[%clk 0:00:45]} 37. Nh5+ {[%clk 0:01:12]} Kf7
{[%clk 0:00:59]} 38. Nxf4 {[%clk 0:01:40]} Rde7 {[%clk 0:00:58]} 39. e4
{[%clk 0:00:54]} f5 {[%clk 0:00:53]} 40. exf5 {[%clk 0:30:45]} Kf6
{[%clk 0:30:39]} 41. Rxc3 {[%clk 0:27:12]} bxc3 {[%clk 0:27:59]} 42. Nd5+
{[%clk 0:26:53]} Kxf5 {[%clk 0:28:13]} 43. Nxe7+ {[%clk 0:27:18]} Rxe7
{[%clk 0:28:39]} 44. Rxc3 {[%clk 0:27:38]} Ke5 {[%clk 0:22:41]} 45. Ke3
{[%clk 0:27:07]} Kd5+ {[%clk 0:19:06]} 46. Kd2 {[%clk 0:27:34]} Rh7
{[%clk 0:15:40]} 47. Rc1 {[%clk 0:26:50]} Kd4 {[%clk 0:15:25]} 48. Rc4+
{[%clk 0:26:46]} Kd5 {[%clk 0:15:51]} 49. b4 {[%clk 0:08:29]} cxb4
{[%clk 0:14:48]} 50. Rxb4 {[%clk 0:08:57]} Rh2+ {[%clk 0:12:51]} 51. Kc3
{[%clk 0:09:21]} Ra2 {[%clk 0:12:44]} 52. Rd4+ {[%clk 0:07:14]} Kc5
{[%clk 0:12:03]} 53. Rc4+ {[%clk 0:07:35]} Kd5 {[%clk 0:12:20]} 54. Kb4
{[%clk 0:07:53]} Rd2 {[%clk 0:10:04]} 55. Rc3 {[%clk 0:00:40]} Kd4
{[%clk 0:08:52]} 56. Rc6 {[%clk 0:00:53]} Rxd3 {[%clk 0:08:14]} 57. Rd6+
{[%clk 0:00:55]} Ke4 {[%clk 0:08:37]} 58. Rxa6 {[%clk 0:01:20]} Kd5
{[%clk 0:08:19]} 59. Rb6 {[%clk 0:00:43]} Rd1 {[%clk 0:07:28]} 60. Kb5
{[%clk 0:01:09]} Rb1+ {[%clk 0:07:23]} 61. Ka6 {[%clk 0:01:36]} Ra1
{[%clk 0:07:25]} 62. a5 {[%clk 0:02:04]} Kc5 {[%clk 0:07:30]} 63. Rb2
{[%clk 0:01:19]} Kc6 {[%clk 0:06:45]} 64. Rc2+ {[%clk 0:01:46]} Kd7
{[%clk 0:06:44]} 65. Kb6 {[%clk 0:01:57]} Rb1+ {[%clk 0:06:56]} 66. Ka7
{[%clk 0:02:18]} Rb5 {[%clk 0:07:03]} 67. a6 {[%clk 0:01:40]} Rb1
{[%clk 0:07:25]} 68. Rh2 {[%clk 0:01:43]} Kc7 {[%clk 0:06:56]} 69. Rh7+
{[%clk 0:02:08]} Kc8 {[%clk 0:06:41]} 70. Rb7 {[%clk 0:02:03]} Ra1
{[%clk 0:06:45]} 71. Rb5 {[%clk 0:01:58]} Rc1 {[%clk 0:06:16]} 72. Kb6
{[%clk 0:01:01]} Kb8 {[%clk 0:06:33]} 1/2-1/2

[Event "High League 2022 women"]
[Site "Obninsk"]
[Date "2022.06.26"]
[Round "1.10"]
[White "Dorokhina, Elizaveta"]
[Black "Gritsayeva, Oksana"]
[Result "0-1"]
[LiveChessVersion "1.4.7"]
[BlackElo "2309"]
[WhiteElo "2045"]

1. e4 {[%clk 1:30:56]} c5 {[%clk 1:30:43]} 2. Nf3 {[%clk 1:31:03]} Nf6
{[%clk 1:30:58]} 3. Nc3 {[%clk 1:24:38]} d5 {[%clk 1:30:58]} 4. e5
{[%clk 1:23:15]} Ne4 {[%clk 1:28:29]} 5. Bb5+ {[%clk 1:20:27]} Nc6
{[%clk 1:26:20]} 6. O-O {[%clk 1:17:05]} Nxc3 {[%clk 1:08:08]} 7. dxc3
{[%clk 1:16:28]} Bf5 {[%clk 1:07:40]} 8. Nh4 {[%clk 1:11:06]} Be6
{[%clk 0:53:23]} 9. f4 {[%clk 1:03:51]} g6 {[%clk 0:53:33]} 10. Bxc6+
{[%clk 0:50:44]} bxc6 {[%clk 0:53:58]} 11. Be3 {[%clk 0:50:21]} Qa5
{[%clk 0:46:33]} 12. a3 {[%clk 0:43:56]} Bg7 {[%clk 0:41:19]} 13. b4
{[%clk 0:35:23]} cxb4 {[%clk 0:40:20]} 14. axb4 {[%clk 0:35:40]} Qc7
{[%clk 0:40:40]} 15. Ra5 {[%clk 0:35:51]} f6 {[%clk 0:39:12]} 16. exf6
{[%clk 0:26:25]} Bxf6 {[%clk 0:37:54]} 17. Bd4 {[%clk 0:22:02]} O-O
{[%clk 0:37:06]} 18. Qe1 {[%clk 0:20:41]} Bxd4+ {[%clk 0:34:22]} 19. cxd4
{[%clk 0:20:58]} Bf5 {[%clk 0:34:12]} 20. Nxf5 {[%clk 0:20:39]} Rxf5
{[%clk 0:34:34]} 21. Qe6+ {[%clk 0:20:53]} Kg7 {[%clk 0:31:23]} 22. g3
{[%clk 0:20:28]} Rf6 {[%clk 0:28:43]} 23. Qe3 {[%clk 0:18:40]} Qd6
{[%clk 0:25:02]} 24. Qd2 {[%clk 0:13:34]} Re6 {[%clk 0:17:29]} 25. Re1
{[%clk 0:13:16]} Kf7 {[%clk 0:16:46]} 26. Re5 {[%clk 0:12:34]} Rb8
{[%clk 0:16:10]} 27. c3 {[%clk 0:12:27]} Rb7 {[%clk 0:16:07]} 28. Ra6
{[%clk 0:10:37]} Qc7 {[%clk 0:14:11]} 29. Qa2 {[%clk 0:10:27]} Rxe5
{[%clk 0:12:09]} 30. fxe5 {[%clk 0:10:00]} Qd7 {[%clk 0:11:55]} 31. Qa4
{[%clk 0:08:29]} Rc7 {[%clk 0:11:36]} 32. Qa5 {[%clk 0:07:26]} Qg4
{[%clk 0:08:18]} 33. Qa1 {[%clk 0:05:50]} Kg7 {[%clk 0:06:07]} 34. Qf1
{[%clk 0:03:36]} Qe4 {[%clk 0:05:35]} 35. Qf2 {[%clk 0:03:32]} Qb1+
{[%clk 0:04:54]} 36. Qf1 {[%clk 0:03:10]} Qe4 {[%clk 0:05:05]} 37. Qf2
{[%clk 0:03:15]} Rc8 {[%clk 0:03:15]} 38. Rxa7 {[%clk 0:02:42]} Rf8
{[%clk 0:03:31]} 39. Rxe7+ {[%clk 0:01:45]} Kg8 {[%clk 0:03:54]} 40. Qf6
{[%clk 0:30:35]} Qe1+ {[%clk 0:33:06]} 41. Kg2 {[%clk 0:30:45]} Qe2+
{[%clk 0:33:07]} 42. Kg1 {[%clk 0:31:02]} Qe3+ {[%clk 0:33:08]} 43. Kg2
{[%clk 0:31:16]} Qd2+ {[%clk 0:33:00]} 44. Kg1 {[%clk 0:29:44]} Rxf6
{[%clk 0:33:13]} 45. exf6 {[%clk 0:30:09]} Qxc3 {[%clk 0:33:25]} 0-1

[Event "High League 2022 women"]
[Site "Obninsk"]
[Date "2022.06.26"]
[Round "1.11"]
[White "Semenova, Elena"]
[Black "Kuznetsova, Marina"]
[Result "1/2-1/2"]
[LiveChessVersion "1.4.7"]
[BlackElo "2043"]
[WhiteElo "2296"]

1. e4 {[%clk 1:30:57]} e5 {[%clk 1:30:54]} 2. Nf3 {[%clk 1:31:16]} Nc6
{[%clk 1:31:16]} 3. Bb5 {[%clk 1:31:36]} Nge7 {[%clk 1:31:13]} 4. Nc3
{[%clk 1:28:45]} d6 {[%clk 1:30:53]} 5. d4 {[%clk 1:28:04]} a6 {[%clk 1:29:38]}
6. Bc4 {[%clk 1:24:50]} exd4 {[%clk 1:25:15]} 7. Nxd4 {[%clk 1:22:53]} Nxd4
{[%clk 1:24:24]} 8. Qxd4 {[%clk 1:23:18]} Nc6 {[%clk 1:22:49]} 9. Qd1
{[%clk 1:17:20]} Be7 {[%clk 1:21:05]} 10. O-O {[%clk 1:15:04]} O-O
{[%clk 1:17:29]} 11. Nd5 {[%clk 1:06:46]} Re8 {[%clk 1:05:48]} 12. Qh5
{[%clk 0:55:15]} Ne5 {[%clk 1:04:21]} 13. Bb3 {[%clk 0:51:19]} Bg4
{[%clk 0:58:15]} 14. Nxe7+ {[%clk 0:50:33]} Qxe7 {[%clk 0:58:24]} 15. Qg5
{[%clk 0:50:23]} Qxg5 {[%clk 0:51:16]} 16. Bxg5 {[%clk 0:50:49]} h6
{[%clk 0:45:10]} 17. Bd2 {[%clk 0:48:16]} Rad8 {[%clk 0:43:04]} 18. Rfe1
{[%clk 0:40:38]} Be6 {[%clk 0:36:58]} 19. Bc3 {[%clk 0:37:42]} Bxb3
{[%clk 0:22:56]} 20. axb3 {[%clk 0:38:06]} Nc6 {[%clk 0:21:14]} 21. Rad1
{[%clk 0:32:17]} Re6 {[%clk 0:17:12]} 22. f3 {[%clk 0:27:53]} Ne7
{[%clk 0:12:45]} 23. Kf2 {[%clk 0:19:56]} Re8 {[%clk 0:08:32]} 24. g4
{[%clk 0:14:55]} g5 {[%clk 0:06:38]} 25. h4 {[%clk 0:14:18]} Ng6 {[%clk 0:05:05]}
26. hxg5 {[%clk 0:14:07]} hxg5 {[%clk 0:05:31]} 27. Rh1 {[%clk 0:11:29]} Nh4
{[%clk 0:04:50]} 28. Bd2 {[%clk 0:05:36]} f6 {[%clk 0:04:14]} 29. c4
{[%clk 0:02:06]} Kf7 {[%clk 0:02:35]} 30. b4 {[%clk 0:00:48]} Rh8
{[%clk 0:01:40]} 31. Bc3 {[%clk 0:01:06]} Ree8 {[%clk 0:00:52]} 32. f4
{[%clk 0:00:35]} gxf4 {[%clk 0:00:38]} 33. g5 {[%clk 0:00:51]} Rxe4
{[%clk 0:00:35]} 34. gxf6 {[%clk 0:00:32]} Ree8 {[%clk 0:00:36]} 35. Rdg1
{[%clk 0:00:31]} Ng6 {[%clk 0:00:37]} 36. Re1 {[%clk 0:00:32]} Rxe1
{[%clk 0:00:33]} 37. Rxe1 {[%clk 0:00:50]} Ne5 {[%clk 0:00:32]} 38. Bxe5
{[%clk 0:00:39]} dxe5 {[%clk 0:00:59]} 39. Rxe5 {[%clk 0:01:05]} Kxf6
{[%clk 0:01:18]} 40. Rc5 {[%clk 0:31:20]} Rh2+ {[%clk 0:31:17]} 41. Kf3
{[%clk 0:31:50]} Rxb2 {[%clk 0:29:12]} 42. Rxc7 {[%clk 0:25:23]} Rxb4
{[%clk 0:26:10]} 43. Kxf4 {[%clk 0:25:46]} a5 {[%clk 0:24:36]} 44. Ke3
{[%clk 0:20:32]} a4 {[%clk 0:22:26]} 45. Rc8 {[%clk 0:19:59]} Ke5
{[%clk 0:18:47]} 46. Re8+ {[%clk 0:11:02]} Kd6 {[%clk 0:18:25]} 47. Kd3
{[%clk 0:11:22]} Kc5 {[%clk 0:14:29]} 48. Re5+ {[%clk 0:09:59]} Kb6
{[%clk 0:14:41]} 49. Kc3 {[%clk 0:08:45]} Rb3+ {[%clk 0:14:40]} 50. Kc2
{[%clk 0:09:03]} Ka6 {[%clk 0:13:32]} 51. Rh5 {[%clk 0:06:43]} Rb6
{[%clk 0:10:52]} 52. Kc3 {[%clk 0:03:20]} Rb3+ {[%clk 0:07:36]} 53. Kc2
{[%clk 0:03:45]} b6 {[%clk 0:03:51]} 54. Rg5 {[%clk 0:04:04]} Kb7
{[%clk 0:03:41]} 55. Rg6 {[%clk 0:04:12]} Kc7 {[%clk 0:03:46]} 56. Rh6
{[%clk 0:04:04]} Rg3 {[%clk 0:01:23]} 57. Kb2 {[%clk 0:04:15]} Kb7
{[%clk 0:01:17]} 58. Rf6 {[%clk 0:04:29]} a3+ {[%clk 0:01:09]} 59. Ka2
{[%clk 0:04:53]} Rc3 {[%clk 0:01:31]} 60. Rh6 {[%clk 0:05:07]} Kc7
{[%clk 0:01:16]} 1/2-1/2

[Event "High League 2022 women"]
[Site "Obninsk"]
[Date "2022.06.26"]
[Round "1.12"]
[White "Faizutdinova, Diana"]
[Black "Goltseva, Ekaterina"]
[Result "0-1"]
[LiveChessVersion "1.4.7"]
[BlackElo "2284"]
[WhiteElo "2023"]

1. d4 {[%clk 1:30:57]} e6 {[%clk 1:30:51]} 2. c4 {[%clk 1:31:10]} Nf6
{[%clk 1:30:50]} 3. g3 {[%clk 1:31:10]} d5 {[%clk 1:25:52]} 4. Bg2
{[%clk 1:30:53]} dxc4 {[%clk 1:22:44]} 5. Nf3 {[%clk 1:28:47]} a6
{[%clk 1:21:52]} 6. O-O Nc6 {[%clk 1:21:50]} 7. a4 {[%clk 1:21:06]} Rb8
{[%clk 1:20:32]} 8. a5 {[%clk 1:13:51]} Bb4 {[%clk 1:05:37]} 9. Nbd2
{[%clk 0:46:36]} c3 {[%clk 0:46:26]} 10. Nc4 {[%clk 0:43:33]} O-O
{[%clk 0:43:02]} 11. Qd3 {[%clk 0:34:34]} cxb2 {[%clk 0:30:39]} 12. Bxb2
{[%clk 0:34:56]} Qd5 {[%clk 0:29:27]} 13. Rfc1 {[%clk 0:25:01]} Qb5
{[%clk 0:20:04]} 14. Rcb1 {[%clk 0:15:31]} Qh5 {[%clk 0:12:12]} 15. Bc1
{[%clk 0:13:58]} Rd8 {[%clk 0:09:59]} 16. Nce5 {[%clk 0:08:10]} Nxe5
{[%clk 0:07:09]} 17. Nxe5 {[%clk 0:08:32]} c5 {[%clk 0:07:03]} 18. Rxb4
{[%clk 0:07:18]} cxb4 {[%clk 0:07:19]} 19. Bf3 {[%clk 0:03:49]} Qf5
{[%clk 0:07:30]} 20. Qd2 {[%clk 0:01:04]} Nd7 {[%clk 0:03:50]} 21. Nc4
{[%clk 0:00:37]} Nf8 {[%clk 0:02:22]} 22. Bb2 {[%clk 0:00:43]} Qb5
{[%clk 0:01:49]} 23. Qc2 {[%clk 0:00:51]} Bd7 {[%clk 0:00:56]} 24. Nd6
{[%clk 0:01:12]} Qg5 {[%clk 0:01:22]} 25. h4 {[%clk 0:00:38]} Qe7
{[%clk 0:01:31]} 26. Qc5 {[%clk 0:00:48]} Bc6 {[%clk 0:00:35]} 27. Nxb7
{[%clk 0:00:53]} Qxc5 {[%clk 0:00:41]} 28. Nxc5 {[%clk 0:01:18]} Bxf3
{[%clk 0:00:56]} 29. exf3 {[%clk 0:01:45]} Ra8 {[%clk 0:00:37]} 30. Ra4
{[%clk 0:01:44]} Rdb8 {[%clk 0:00:35]} 31. Bc1 {[%clk 0:00:39]} Ra7
{[%clk 0:00:34]} 32. g4 {[%clk 0:00:33]} b3 {[%clk 0:00:50]} 33. Bb2
{[%clk 0:00:59]} Nd7 {[%clk 0:00:59]} 34. Nd3 {[%clk 0:00:59]} Rc7
{[%clk 0:01:03]} 35. Ba3 {[%clk 0:00:32]} Rc3 {[%clk 0:00:56]} 36. Nb2
{[%clk 0:00:31]} Nf6 {[%clk 0:01:04]} 37. Kg2 {[%clk 0:00:42]} Nd5
{[%clk 0:01:20]} 38. Bd6 {[%clk 0:00:33]} Rb7 {[%clk 0:01:34]} 39. Ra1
{[%clk 0:00:43]} Rc2 {[%clk 0:01:48]} 40. Rb1 {[%clk 0:31:00]} Nc3
{[%clk 0:32:08]} 0-1

[Event "High League 2022 women"]
[Site "Obninsk"]
[Date "2022.06.26"]
[Round "1.13"]
[White "Tomilova, Elena"]
[Black "Filippova, Margarita"]
[Result "0-1"]
[LiveChessVersion "1.4.7"]
[BlackElo "1955"]
[WhiteElo "2278"]

1. d4 {[%clk 1:30:57]} d5 {[%clk 1:30:56]} 2. Nf3 {[%clk 1:31:20]} Nf6
{[%clk 1:31:21]} 3. c4 {[%clk 1:31:46]} e6 {[%clk 1:31:47]} 4. e3
{[%clk 1:32:04]} Be7 {[%clk 1:32:12]} 5. b3 {[%clk 1:31:53]} b6 {[%clk 1:32:14]}
6. Bd3 {[%clk 1:30:55]} Bb7 {[%clk 1:32:38]} 7. O-O {[%clk 1:31:08]} O-O
{[%clk 1:32:58]} 8. Bb2 {[%clk 1:29:31]} c5 {[%clk 1:31:04]} 9. Nbd2
{[%clk 1:28:12]} Nbd7 {[%clk 1:29:31]} 10. Rc1 {[%clk 1:19:08]} Ne4
{[%clk 1:22:33]} 11. cxd5 {[%clk 1:18:35]} exd5 {[%clk 1:22:46]} 12. Ne5
{[%clk 1:14:25]} Ndf6 {[%clk 1:15:25]} 13. f3 {[%clk 1:11:50]} Nxd2
{[%clk 1:13:59]} 14. Qxd2 {[%clk 1:12:14]} Ne8 {[%clk 1:07:04]} 15. Bb1
{[%clk 0:57:41]} a5 {[%clk 1:01:00]} 16. Rfd1 {[%clk 0:52:27]} Bd6
{[%clk 0:54:23]} 17. dxc5 {[%clk 0:51:06]} bxc5 {[%clk 0:49:20]} 18. Qd3
{[%clk 0:47:01]} f5 {[%clk 0:46:27]} 19. Qb5 {[%clk 0:42:10]} Qc8
{[%clk 0:37:09]} 0-1

[Event "High League 2022 women"]
[Site "Obninsk"]
[Date "2022.06.26"]
[Round "1.14"]
[White "Ivanova, Anastasia S."]
[Black "Paramzina, Anastasya"]
[Result "1/2-1/2"]
[LiveChessVersion "1.4.7"]
[BlackElo "2256"]
[WhiteElo "1922"]

1. d4 {[%clk 1:30:59]} Nf6 {[%clk 1:30:56]} 2. c4 {[%clk 1:31:26]} g6
{[%clk 1:31:23]} 3. Nc3 {[%clk 1:31:53]} d5 {[%clk 1:31:49]} 4. cxd5
{[%clk 1:32:19]} Nxd5 {[%clk 1:32:15]} 5. e4 {[%clk 1:32:45]} Nxc3
{[%clk 1:32:36]} 6. bxc3 {[%clk 1:33:11]} Bg7 {[%clk 1:32:58]} 7. Be3
{[%clk 1:33:37]} c5 {[%clk 1:32:15]} 8. Bc4 {[%clk 1:34:00]} Nc6 {[%clk 1:31:08]}
9. Ne2 {[%clk 1:34:10]} O-O {[%clk 1:31:22]} 10. Qd2 {[%clk 1:34:15]} cxd4
{[%clk 1:15:33]} 11. cxd4 {[%clk 1:34:38]} Qa5 {[%clk 1:11:02]} 12. Qxa5
{[%clk 1:26:13]} Nxa5 {[%clk 1:10:59]} 13. Bb3 {[%clk 1:24:50]} Bd7
{[%clk 1:07:10]} 14. Rc1 {[%clk 1:20:39]} Rfc8 {[%clk 1:05:13]} 15. Kd2
{[%clk 1:16:43]} e6 {[%clk 1:02:52]} 16. Rxc8+ {[%clk 1:14:51]} Rxc8
{[%clk 1:02:20]} 17. Rc1 {[%clk 1:15:14]} Nxb3+ {[%clk 1:00:34]} 18. axb3
{[%clk 1:15:38]} Rxc1 {[%clk 1:01:02]} 19. Nxc1 {[%clk 1:16:04]} f6
{[%clk 0:56:03]} 20. Nd3 {[%clk 1:14:00]} Kf7 {[%clk 0:47:53]} 21. Kc3
{[%clk 1:11:27]} Bc6 {[%clk 0:37:06]} 22. f3 {[%clk 1:11:27]} b6 {[%clk 0:33:04]}
23. Kc4 {[%clk 1:05:24]} f5 {[%clk 0:21:19]} 24. exf5 {[%clk 1:02:16]} exf5
{[%clk 0:21:40]} 25. Ne5+ {[%clk 0:54:50]} Bxe5 {[%clk 0:22:01]} 26. dxe5
{[%clk 0:55:17]} Ke6 {[%clk 0:21:02]} 27. Kd4 {[%clk 0:55:11]} a5
{[%clk 0:18:41]} 28. Kc3 {[%clk 0:48:13]} b5 {[%clk 0:17:50]} 29. Kd4
{[%clk 0:44:25]} a4 {[%clk 0:06:44]} 30. bxa4 {[%clk 0:44:49]} bxa4
{[%clk 0:07:10]} 31. Bc1 {[%clk 0:44:39]} h5 {[%clk 0:06:26]} 32. h4
{[%clk 0:44:44]} Bb7 {[%clk 0:06:14]} 33. Bb2 {[%clk 0:42:29]} f4
{[%clk 0:04:57]} 34. Bc1 {[%clk 0:41:47]} Kf5 {[%clk 0:04:14]} 35. e6
{[%clk 0:42:00]} a3 {[%clk 0:01:52]} 36. Kc3 {[%clk 0:39:21]} Kxe6
{[%clk 0:02:08]} 37. Bxf4 {[%clk 0:39:39]} a2 {[%clk 0:02:33]} 38. Kb2
{[%clk 0:40:04]} Bd5 {[%clk 0:03:01]} 39. Bg5 {[%clk 1:10:19]} Bc4
{[%clk 0:33:05]} 40. g4 {[%clk 1:10:16]} hxg4 {[%clk 0:33:15]} 41. fxg4
{[%clk 1:10:42]} 1/2-1/2

[Event "High League 2022 women"]
[Site "Obninsk"]
[Date "2022.06.26"]
[Round "1.15"]
[White "Borisova, Ekaterina"]
[Black "Izbekova, Evdokia"]
[Result "0-1"]
[LiveChessVersion "1.4.7"]
[BlackElo "1877"]
[WhiteElo "2233"]

1. d4 {[%clk 1:30:59]} d5 {[%clk 1:30:55]} 2. c4 {[%clk 1:31:03]} Bf5
{[%clk 1:31:10]} 3. Nc3 {[%clk 1:30:40]} e6 {[%clk 1:29:50]} 4. Nf3
{[%clk 1:30:45]} Nc6 {[%clk 1:28:49]} 5. g3 {[%clk 1:30:47]} Nb4 {[%clk 1:24:23]}
6. e4 {[%clk 1:28:07]} dxe4 {[%clk 1:22:29]} 7. a3 {[%clk 1:21:09]} Nc6
{[%clk 1:13:52]} 8. d5 {[%clk 1:20:50]} exf3 {[%clk 1:14:02]} 9. Qa4
{[%clk 1:17:51]} exd5 {[%clk 0:46:46]} 10. cxd5 {[%clk 1:17:26]} Bc5
{[%clk 0:43:13]} 11. dxc6 {[%clk 1:13:58]} b6 {[%clk 0:36:26]} 12. Qf4
{[%clk 1:10:22]} Ne7 {[%clk 0:12:53]} 13. Qxf3 {[%clk 1:08:46]} O-O
{[%clk 0:12:00]} 14. Bg2 {[%clk 1:06:42]} Qd3 {[%clk 0:10:12]} 15. Qxd3
{[%clk 1:03:18]} Bxd3 {[%clk 0:10:38]} 16. Bf4 {[%clk 1:03:46]} Ng6
{[%clk 0:05:38]} 17. Bxc7 {[%clk 1:00:02]} Rfe8+ {[%clk 0:04:36]} 18. Kd2
{[%clk 1:00:21]} Bc4 {[%clk 0:03:28]} 19. Rae1 {[%clk 0:52:02]} Bxf2
{[%clk 0:02:59]} 20. Rxe8+ {[%clk 0:51:40]} Rxe8 {[%clk 0:03:26]} 21. Ne4
{[%clk 0:50:59]} Rc8 {[%clk 0:01:08]} 22. Bd6 {[%clk 0:47:25]} Bd4
{[%clk 0:01:09]} 23. Rc1 {[%clk 0:46:01]} Bd5 {[%clk 0:01:09]} 24. Nf6+
{[%clk 0:44:03]} Bxf6 {[%clk 0:01:36]} 25. Bxd5 {[%clk 0:44:28]} Bg5+
{[%clk 0:02:03]} 26. Kc2 {[%clk 0:40:17]} Bxc1 {[%clk 0:02:28]} 27. Kxc1
{[%clk 0:37:39]} Nf8 {[%clk 0:02:55]} 28. b4 {[%clk 0:35:47]} b5 {[%clk 0:02:38]}
29. a4 {[%clk 0:34:20]} a6 {[%clk 0:02:43]} 30. Kb2 {[%clk 0:28:26]} Ne6
{[%clk 0:02:44]} 31. a5 {[%clk 0:20:32]} Rd8 {[%clk 0:01:44]} 32. Bxe6
{[%clk 0:20:51]} fxe6 {[%clk 0:02:10]} 33. Be5 {[%clk 0:20:42]} Rc8
{[%clk 0:02:15]} 34. c7 {[%clk 0:21:07]} Kf7 {[%clk 0:02:43]} 35. Kc3
{[%clk 0:20:49]} Ke8 {[%clk 0:02:47]} 36. Kd4 {[%clk 0:21:02]} Kd7
{[%clk 0:03:02]} 37. Kc5 {[%clk 0:18:36]} Rxc7+ {[%clk 0:03:09]} 38. Kb6
{[%clk 0:19:01]} Rc6+ {[%clk 0:03:36]} 39. Kb7 {[%clk 0:19:26]} g6
{[%clk 0:02:27]} 40. Bd4 {[%clk 0:49:48]} Rc7+ {[%clk 0:31:07]} 41. Kb6
{[%clk 0:50:12]} Rc4 {[%clk 0:15:59]} 42. Bc5 {[%clk 0:49:39]} Rc2
{[%clk 0:15:29]} 43. h4 {[%clk 0:47:43]} e5 {[%clk 0:14:15]} 44. Kxa6
{[%clk 0:48:06]} Kc6 {[%clk 0:14:40]} 45. Bb6 {[%clk 0:48:18]} Rc4
{[%clk 0:13:12]} 46. Bc5 {[%clk 0:48:36]} Rxc5 {[%clk 0:13:05]} 47. bxc5
{[%clk 0:49:02]} b4 {[%clk 0:13:00]} 48. Ka7 {[%clk 0:49:28]} b3 {[%clk 0:13:24]}
0-1